<?xml version="1.0" encoding="UTF-8"?>
<record
    xmlns:xsi="http://www.w3.org/2001/XMLSchema-instance"
    xsi:schemaLocation="http://www.loc.gov/MARC21/slim http://www.loc.gov/standards/marcxml/schema/MARC21slim.xsd"
    xmlns="http://www.loc.gov/MARC21/slim">

  <leader>00611cam a2200205 i 4500</leader>
  <controlfield tag="001">sa 65002616 </controlfield>
  <controlfield tag="003">DLC</controlfield>
  <controlfield tag="005">20260227112117.0</controlfield>
  <controlfield tag="008">841105s1964    ii            00010 tamo </controlfield>
  <datafield tag="010" ind1=" " ind2=" ">
    <subfield code="a">sa 65002616 //r892</subfield>
  </datafield>
  <datafield tag="050" ind1="0" ind2=" ">
    <subfield code="a">PL4758.9.S868</subfield>
    <subfield code="b">M3</subfield>
  </datafield>
  <datafield tag="100" ind1="1" ind2="0">
    <subfield code="a">Cuppirama&#x1E47;iyan&#x332;, A. Ve.,</subfield>
    <subfield code="d">1924-</subfield>
  </datafield>
  <datafield tag="245" ind1="1" ind2="0">
    <subfield code="a">Ma&#x1E47;&#x1E47;il nallava&#x1E47;&#x1E47;am v&#x101;l&#x332;a&#x101;m /</subfield>
    <subfield code="c">[el&#x332;utiyavar] A.V. Cuppirama&#x1E47;iyan&#x332;.</subfield>
  </datafield>
  <datafield tag="250" ind1=" " ind2=" ">
    <subfield code="a">[1. patippu].</subfield>
  </datafield>
  <datafield tag="260" ind1="0" ind2=" ">
    <subfield code="a">Maturai :</subfield>
    <subfield code="b">M&#x12B;n&#x332;&#x101;&#x1E6D;ci Puttaka Nilaiyam,</subfield>
    <subfield code="c">1964.</subfield>
  </datafield>
  <datafield tag="300" ind1=" " ind2=" ">
    <subfield code="a">189 p. ;</subfield>
    <subfield code="c">19 cm.</subfield>
  </datafield>
  <datafield tag="490" ind1="0" ind2=" ">
    <subfield code="a">M&#x12B;n&#x332;&#x101;&#x1E6D;ci ;</subfield>
    <subfield code="v">42</subfield>
  </datafield>
  <datafield tag="500" ind1=" " ind2=" ">
    <subfield code="a">In Tamil.</subfield>
  </datafield>
  <datafield tag="500" ind1=" " ind2=" ">
    <subfield code="a">A novel.</subfield>
  </datafield>
  <datafield tag="999" ind1=" " ind2=" ">
    <subfield code="c">62723</subfield>
    <subfield code="d">62723</subfield>
  </datafield>
</record>
